Statistiken für G7 Mitgliedsstaaten und Regierungschefs

Klicken Sie hier um das Quiz zu spielen!

Allgemein

  • Dieses Quiz wurde 69 mal gespielt
  • Das Durchschnittsergebnis liegt bei 11 aus 14

Antwortstatistiken

% Korrekt
Deutschland
100%
Vereinigte Staaten
98%
Frankreich
96%
Angela Merkel
93%
Kanada
88%
Emmanuel Macron
86%
Japan
86%
Joe Biden
86%
Italien
84%
Vereinigtes Königreich
84%
Boris Johnson
74%
Justin Trudeau
63%
Mario Draghi
53%
Joshihide Suga
11%

Verteilung der Resultate

Perzentil nach korrekt beantworteten Fragen

Anzahl Personen mit jedem Resultat

Ihre Resultats-Entwicklung

Sie haben dieses Quiz noch nicht gespielt